000 00328 a2200109 4500
001 ART_11311
005 20260410161856.0
008 260409a
245 1 0 _aLos problemas fundamentales del crecimiento económico
100 1 _aClark, Colin
773 0 _tRevista de Economía
_g- Nº 32 (mar. 1982)
_wREV11077
999 _c25454
_d25454